<?xml version="1.0" encoding="UTF-8"?>
<record
    xmlns:xsi="http://www.w3.org/2001/XMLSchema-instance"
    xsi:schemaLocation="http://www.loc.gov/MARC21/slim http://www.loc.gov/standards/marcxml/schema/MARC21slim.xsd"
    xmlns="http://www.loc.gov/MARC21/slim">

  <leader>00486nam a2200181Ia 4500</leader>
  <controlfield tag="008">230612s9999    xx            000 0 und d</controlfield>
  <datafield tag="041" ind1=" " ind2=" ">
    <subfield code="a">eng</subfield>
  </datafield>
  <datafield tag="082" ind1=" " ind2=" ">
    <subfield code="a">620.1 KHU</subfield>
  </datafield>
  <datafield tag="100" ind1=" " ind2=" ">
    <subfield code="a">Khurmi R.S.</subfield>
    <subfield code="9">141538</subfield>
  </datafield>
  <datafield tag="245" ind1=" " ind2=" ">
    <subfield code="a">Text Book Of Engineering Mechanics</subfield>
    <subfield code="b"> Applied Mechanics</subfield>
  </datafield>
  <datafield tag="260" ind1=" " ind2=" ">
    <subfield code="c">1969</subfield>
    <subfield code="b">S Chand &amp; Co. Ltd.</subfield>
  </datafield>
  <datafield tag="300" ind1=" " ind2=" ">
    <subfield code="a">838</subfield>
  </datafield>
  <datafield tag="365" ind1=" " ind2=" ">
    <subfield code="c">Rs.</subfield>
    <subfield code="b">75.00</subfield>
  </datafield>
  <datafield tag="500" ind1=" " ind2=" ">
    <subfield code="a">D.</subfield>
  </datafield>
  <datafield tag="700" ind1=" " ind2=" ">
    <subfield code="a">Khurmi R.S.</subfield>
    <subfield code="9">141538</subfield>
  </datafield>
  <datafield tag="906" ind1=" " ind2=" ">
    <subfield code="d">B:487108-Oct-1991</subfield>
    <subfield code="c">MECH</subfield>
    <subfield code="b">11.25</subfield>
  </datafield>
  <datafield tag="999" ind1=" " ind2=" ">
    <subfield code="c">164443</subfield>
    <subfield code="d">164443</subfield>
  </datafield>
  <datafield tag="952" ind1=" " ind2=" ">
    <subfield code="0">0</subfield>
    <subfield code="1">0</subfield>
    <subfield code="4">0</subfield>
    <subfield code="7">0</subfield>
    <subfield code="a">CCEP</subfield>
    <subfield code="b">CCEP</subfield>
    <subfield code="d">1991-10-19</subfield>
    <subfield code="e">Everest Publishing House</subfield>
    <subfield code="f">MECH</subfield>
    <subfield code="g">63.75</subfield>
    <subfield code="i">4871</subfield>
    <subfield code="l">0</subfield>
    <subfield code="o">620.1 KHU</subfield>
    <subfield code="p">CCEP-BK-160</subfield>
    <subfield code="r">2023-06-12 00:00:00</subfield>
    <subfield code="t">11.25</subfield>
    <subfield code="v">75.00</subfield>
    <subfield code="w">1991-10-08</subfield>
    <subfield code="y">BK</subfield>
    <subfield code="z">000160</subfield>
  </datafield>
</record>
